[Event "Queenstown op"]
[Site "Queenstown"]
[Date "2012.01.19"]
[Round "5"]
[White "Benson, Christopher"]
[Black "Mitchell, Robert"]
[Result "1-0"]
[WhiteElo "1924"]
[BlackElo "1672"]
[PlyCount "93"]
[EventDate "2012.01.15"]
[EventType "swiss"]
[EventRounds "9"]
[EventCountry "NZL"]
[SourceTitle "CBM 146 Extra"]
[Source "ChessBase"]
[SourceDate "2012.02.29"]
[SourceVersion "1"]
[SourceVersionDate "2012.02.29"]
[SourceQuality "1"]

1. Nf3 d6 2. d4 Bg4 3. Nbd2 Nf6 4. e4 e6 5. c3 Be7 6. Be2 0-0 7. 0-0 c6 8. e5 dxe5 9. Nxe5 Bxe2 10. Qxe2 Nbd7 11. Ndf3 Rc8 12. Be3 Nd5 13. Bd2 Bd6 14. Rad1 Qc7 15. c4 N5f6 16. Bg5 Rce8 17. Rfe1 Nh5 18. Nxd7 Qxd7 19. Ne5 Qc7 20. Qxh5 f6 21. Bxf6 gxf6 22. Ng4 Qg7 23. Nh6+ Kh8 24. Nf5 Qc7 25. Nxd6 Qxd6 26. Re3 Re7 27. Qh6 Qd8 28. Rde1 e5 29. f4 Ref7 30. dxe5 fxe5 31. fxe5 Qd2 32. h3 Rf2 33. R1e2 Rf1+ 34. Kh2 Qb4 35. b3 Qc5 36. Qd6 Qb6 37. e6 Qd8 38. Qe5+ Qf6 39. Qxf6+ R1xf6 40. e7 Re8 41. Rd3 Kg7 42. Rd7 Kf7 43. Rxb7 a5 44. Ra7 Rf5 45. Ra6 Rxe7 46. Rxe7+ Kxe7 47. Rxc6 1-0

[Event "Queenstown op"]
[Site "Queenstown"]
[Date "2012.01.16"]
[Round "2"]
[White "Watharow, Sean"]
[Black "Mitchell, Robert"]
[Result "1-0"]
[WhiteElo "1929"]
[BlackElo "1672"]
[PlyCount "83"]
[EventDate "2012.01.15"]
[EventType "swiss"]
[EventRounds "9"]
[EventCountry "NZL"]
[SourceTitle "CBM 146 Extra"]
[Source "ChessBase"]
[SourceDate "2012.02.29"]
[SourceVersion "1"]
[SourceVersionDate "2012.02.29"]
[SourceQuality "1"]

1. e4 d6 2. d4 Nf6 3. Nc3 Bg4 4. f3 Bh5 5. Be3 c6 6. Bd3 e5 7. Nge2 Be7 8. Qd2 b5 9. h4 h6 10. g4 Bg6 11. Ng3 h5 12. g5 Nfd7 13. Nf5 Bf8 14. 0-0-0 Qa5 15. d5 b4 16. dxc6 bxc3 17. cxd7+ Nxd7 18. Qxc3 Qxc3 19. bxc3 Bxf5 20. exf5 a6 21. c4 Be7 22. Be4 Rc8 23. Bd5 g6 24. f6 Bd8 25. f4 exf4 26. Bxf4 Ne5 27. Rhe1 Bc7 28. Bc6+ Kf8 29. Bxe5 dxe5 30. Rd7 Ba5 31. Red1 Kg8 32. Bd5 Rf8 33. Ra7 Bb6 34. Re7 Be3+ 35. Kb2 Rb8+ 36. Kc3 Bd4+ 37. Rxd4 exd4+ 38. Kxd4 Rf8 39. c5 Kh7 40. Bxf7 Rhg8 41. Bxg8+ Kxg8 42. Rg7+ 1-0

[Event "Oceania zt"]
[Site "Rotorua"]
[Date "2011.01.27"]
[Round "4"]
[White "Dolejs, Dan E"]
[Black "Mitchell, Robert"]
[Result "1-0"]
[WhiteElo "1892"]
[BlackElo "1672"]
[PlyCount "67"]
[EventDate "2011.01.25"]
[EventType "swiss"]
[EventRounds "9"]
[EventCountry "NZL"]
[SourceTitle "CBM 140 Extra"]
[Source "ChessBase"]
[SourceDate "2011.03.01"]
[SourceVersion "1"]
[SourceVersionDate "2011.03.01"]
[SourceQuality "1"]

1. b4 d6 2. Bb2 e5 3. e4 Nf6 4. Bd3 Be7 5. c4 a5 6. b5 b6 7. Nc3 Bb7 8. a4 Nbd7 9. Bc2 Nc5 10. d3 0-0 11. Nge2 Qd7 12. Qd2 Qg4 13. 0-0-0 Nh5 14. Kb1 Bg5 15. Qe1 Nf4 16. h3 Qe6 17. h4 Bh6 18. g3 Nfxd3 19. Bxd3 Nxd3 20. Rxd3 Bxe4 21. Nxe4 Qxc4 22. Qd1 Qxe4 23. f4 Rfd8 24. Nc3 Qf5 25. g4 Qxf4 26. g5 Bxg5 27. hxg5 Qxg5 28. Nd5 Rd7 29. Bc1 Qf5 30. Ka1 e4 31. Rdh3 h6 32. Rh5 Qf2 33. Bxh6 f5 34. Be3 1-0

[Event "NZL-ch Major op"]
[Site "Auckland"]
[Date "2011.01.12"]
[Round "11"]
[White "Mitchell, Robert"]
[Black "Kolev, Hristo"]
[Result "1/2-1/2"]
[WhiteElo "1726"]
[BlackElo "1397"]
[PlyCount "54"]
[EventDate "2011.01.02"]
[EventType "swiss"]
[EventRounds "11"]
[EventCountry "NZL"]
[SourceTitle "EXT 2018"]
[Source "ChessBase"]
[SourceDate "2017.10.13"]
[SourceVersion "1"]
[SourceVersionDate "2017.10.13"]
[SourceQuality "1"]

1. d4 Nf6 2. Nf3 g6 3. Nc3 c5 4. Bf4 cxd4 5. Nxd4 d6 6. Qd2 e5 7. Qe3 Ng4 8. Qe4 f5 9. Nxf5 gxf5 10. Qa4+ Bd7 11. Qb3 Qb6 12. Qxb6 axb6 13. Bg5 Bh6 14. Bxh6 Nxh6 15. Nd5 Kf7 16. Nxb6 Ra6 17. Nxd7 Nxd7 18. e4 Rb6 19. 0-0-0 fxe4 20. Bc4+ Ke7 21. h3 Rf8 22. Rd2 Nf5 23. Re1 Nf6 24. g4 Nh4 25. Be2 Nf3 26. Bxf3 exf3 27. Re3 Nd7 1/2-1/2

[Event "NZL-ch Major op"]
[Site "Auckland"]
[Date "2011.01.10"]
[Round "9"]
[White "Liu, Brian"]
[Black "Mitchell, Robert"]
[Result "1-0"]
[WhiteElo "1646"]
[BlackElo "1726"]
[PlyCount "101"]
[EventDate "2011.01.02"]
[EventType "swiss"]
[EventRounds "11"]
[EventCountry "NZL"]
[SourceTitle "EXT 2018"]
[Source "ChessBase"]
[SourceDate "2017.10.13"]
[SourceVersion "1"]
[SourceVersionDate "2017.10.13"]
[SourceQuality "1"]

1. d4 d6 2. e4 Nf6 3. Nc3 Nbd7 4. f3 e5 5. d5 h6 6. Be2 Be7 7. Be3 c6 8. Qd2 Qc7 9. 0-0-0 Nb6 10. Kb1 Bd7 11. Nh3 g5 12. g4 c5 13. Nf2 a6 14. h4 Nh7 15. hxg5 Bxg5 16. Bxg5 hxg5 17. Rh5 f6 18. Rdh1 Bc8 19. Nfd1 Qg7 20. Ne3 Bd7 21. Bf1 0-0-0 22. Qh2 Bxg4 23. Nxg4 Rd7 24. Ne2 Rf7 25. Nh6 Rc7 26. Nf5 Qf8 27. Neg3 Rf7 28. Bh3 Kb8 29. Nh6 Rc7 30. Be6 Qe8 31. Nf7 Qb5 32. Qe2 c4 33. c3 Na4 34. Ka1 Rc6 35. Qc2 Rb6 36. Rb1 Nc5 37. a3 Nb3+ 38. Ka2 Qc5 39. Nf5 Rc8 40. Bxc8 Qxc8 41. N7xd6 Qc5 42. Rxh7 Rxd6 43. Nxd6 Qxd6 44. Rf7 a5 45. Qh2 Ka7 46. Qh7 Qb6 47. d6 Nc5 48. d7 Qb3+ 49. Ka1 Na4 50. d8Q Nxc3 51. Qxa5+ 1-0

[Event "NZL-ch Major op"]
[Site "Auckland"]
[Date "2011.01.02"]
[Round "1"]
[White "Halim, Izzah"]
[Black "Mitchell, Robert"]
[Result "0-1"]
[WhiteElo "1300"]
[BlackElo "1726"]
[PlyCount "106"]
[EventDate "2011.01.02"]
[EventType "swiss"]
[EventRounds "11"]
[EventCountry "NZL"]
[SourceTitle "EXT 2018"]
[Source "ChessBase"]
[SourceDate "2017.10.13"]
[SourceVersion "1"]
[SourceVersionDate "2017.10.13"]
[SourceQuality "1"]

1. d4 d6 2. c4 e5 3. e3 c6 4. Nc3 exd4 5. exd4 Nf6 6. Nf3 Be7 7. Be2 0-0 8. 0-0 Be6 9. Re1 Qc7 10. Be3 Nbd7 11. Rc1 d5 12. cxd5 Nxd5 13. Nxd5 Bxd5 14. Bc4 Nb6 15. Bxd5 Nxd5 16. Ne5 Rad8 17. Qf3 Bf6 18. Bf4 Nxf4 19. Qxf4 Qb6 20. Qd2 Qxd4 21. Qxd4 Rxd4 22. Nf3 Rd5 23. b3 h6 24. Re4 Rfd8 25. Ree1 g5 26. g3 g4 27. Nh4 Rd2 28. a4 Bxh4 29. gxh4 R8d3 30. Rb1 Kf8 31. Kg2 Rf3 32. Rf1 h5 33. b4 Rh3 34. Rbd1 Rhd3 35. Rxd2 Rxd2 36. Re1 Rd4 37. Re5 Rd5 38. Rxd5 cxd5 39. f3 gxf3+ 40. Kxf3 Ke7 41. Kf4 Kf6 42. h3 a6 43. a5 Ke6 44. Kg5 Ke5 45. Kxh5 Kf5 46. Kh6 Kf6 47. h5 d4 48. Kh7 d3 49. h6 d2 50. h4 d1Q 51. h5 Qxh5 52. Kh8 Qxh6+ 53. Kg8 Qg7# 0-1

[Event "NZL-ch Major"]
[Site "Auckland"]
[Date "2010.01.12"]
[Round "11"]
[White "Seabrook, Roy"]
[Black "Mitchell, Robert"]
[Result "0-1"]
[WhiteElo "1854"]
[BlackElo "1703"]
[PlyCount "118"]
[EventDate "2010.01.02"]
[EventType "swiss"]
[EventRounds "11"]
[EventCountry "NZL"]
[SourceTitle "CBM 134 Extra"]
[Source "ChessBase"]
[SourceDate "2010.03.03"]
[SourceVersion "1"]
[SourceVersionDate "2010.03.03"]
[SourceQuality "1"]

1. e4 c5 2. Nf3 e6 3. c4 d6 4. Nc3 Be7 5. d4 cxd4 6. Nxd4 a6 7. Be2 Nf6 8. 0-0 b6 9. f4 Bb7 10. Bf3 Qc7 11. Qe2 0-0 12. b3 Nbd7 13. f5 e5 14. Nc2 Rfe8 15. Bg5 h6 16. Bd2 Rac8 17. Rad1 Qb8 18. Be1 Qa8 19. Nb4 Bf8 20. Bf2 Qb8 21. Bh4 b5 22. Nbd5 Nxd5 23. Nxd5 Bxd5 24. exd5 bxc4 25. bxc4 Qb6+ 26. Bf2 Qb4 27. Rc1 Be7 28. Rc2 Rc7 29. Qd3 Rec8 30. Qb3 Qxb3 31. axb3 Rb7 32. Rb1 a5 33. c5 Nf6 34. c6 Rb5 35. c7 Rb7 36. Be1 a4 37. b4 Rbxc7 38. Rxc7 Rxc7 39. b5 Rb7 40. Ba5 Nd7 41. Be2 Bg5 42. Kf2 Nb6 43. Ra1 Bd8 44. Kf3 Ra7 45. Be1 a3 46. Bb4 a2 47. Bxd6 Bf6 48. Rxa2 Rxa2 49. Bc5 Nxd5 50. Bc4 Rc2 51. Bxd5 Rxc5 52. Bc6 Bd8 53. Ke4 f6 54. h3 Kf8 55. Kd3 Ke7 56. Ke3 Kd6 57. Kd3 Bb6 58. g4 Rc1 59. Kd2 Rg1 0-1

[Event "NZL-ch Major"]
[Site "Auckland"]
[Date "2010.01.11"]
[Round "10"]
[White "Cater, James Use"]
[Black "Mitchell, Robert"]
[Result "1-0"]
[WhiteElo "1768"]
[BlackElo "1703"]
[PlyCount "149"]
[EventDate "2010.01.02"]
[EventType "swiss"]
[EventRounds "11"]
[EventCountry "NZL"]
[SourceTitle "CBM 134 Extra"]
[Source "ChessBase"]
[SourceDate "2010.03.03"]
[SourceVersion "1"]
[SourceVersionDate "2010.03.03"]
[SourceQuality "1"]

1. d4 d6 2. c4 e5 3. Nf3 e4 4. Ng5 f5 5. Nc3 Be7 6. Nh3 Nf6 7. Qa4+ Bd7 8. Qb3 Nc6 9. a4 Na5 10. Qa2 Be6 11. d5 Bf7 12. b4 Nc6 13. dxc6 bxc6 14. Ng5 Bg8 15. b5 d5 16. e3 d4 17. exd4 Qxd4 18. Qd2 Qb6 19. a5 Qc5 20. Na4 Qb4 21. Qxb4 Bxb4+ 22. Bd2 Bxd2+ 23. Kxd2 cxb5 24. cxb5 Rd8+ 25. Kc2 Ng4 26. Be2 Ne5 27. Rad1 h6 28. Nh3 g5 29. Bh5+ Bf7 30. Rxd8+ Kxd8 31. Bxf7 Nxf7 32. Rd1+ Ke7 33. Rd5 Nd6 34. Ng1 Rb8 35. Nc3 Ke6 36. Nge2 f4 37. Nd4+ Kf6 38. Rc5 Rc8 39. Nd5+ Ke5 40. Kc3 e3 41. Nxe3+ Kf6 42. Nd5+ Kf7 43. f3 Nb7 44. Rxc7+ Rxc7+ 45. Nxc7 Nxa5 46. Kb4 Nb7 47. Nc6 h5 48. Nxa7 g4 49. fxg4 hxg4 50. Kc3 Kf6 51. Kd3 Kf5 52. Nc6 Nc5+ 53. Ke2 Ke4 54. Ne8 f3+ 55. gxf3+ gxf3+ 56. Kf2 Kf4 57. Nf6 Kf5 58. Nd5 Kg4 59. Nd4 Ne4+ 60. Kg1 f2+ 61. Kg2 Kh4 62. b6 Nd6 63. Kxf2 Kh3 64. Nf3 Nb7 65. Ke3 Kg4 66. h4 Kh5 67. Kf4 Kg6 68. Ke5 Kf7 69. h5 Kg7 70. Nf4 Kh6 71. Kd5 Kh7 72. Ng5+ Kh6 73. Nf7+ Kh7 74. Nd6 Nd8 75. Ne6 1-0

[Event "NZL-ch Major"]
[Site "Auckland"]
[Date "2010.01.10"]
[Round "9"]
[White "Mitchell, Robert"]
[Black "Liu, Brian"]
[Result "1/2-1/2"]
[WhiteElo "1703"]
[BlackElo "1572"]
[PlyCount "112"]
[EventDate "2010.01.02"]
[EventType "swiss"]
[EventRounds "11"]
[EventCountry "NZL"]
[SourceTitle "CBM 134 Extra"]
[Source "ChessBase"]
[SourceDate "2010.03.03"]
[SourceVersion "1"]
[SourceVersionDate "2010.03.03"]
[SourceQuality "1"]

1. d4 d5 2. Bf4 Nf6 3. e3 Bf5 4. c4 e6 5. Qb3 Qc8 6. Nf3 c6 7. Nc3 Be7 8. Rc1 Nbd7 9. h3 0-0 10. cxd5 exd5 11. Be2 Nb6 12. Ne5 Bd6 13. Nb5 Nc4 14. Nxd6 Nxd6 15. Nxc6 bxc6 16. Bxd6 Re8 17. 0-0 Ne4 18. Qa3 Re6 19. Bh2 Rg6 20. g4 h5 21. f3 Nd2 22. Rf2 hxg4 23. hxg4 Nxf3+ 24. Bxf3 Bxg4 25. Bg2 Bh3 26. Qe7 Qg4 27. Qxf7+ Kh8 28. Qf3 Qxf3 29. Rxf3 Bxg2 30. Rg3 Rxg3 31. Bxg3 Be4 32. Rxc6 a6 33. Rc7 g6 34. Be5+ Kg8 35. Rg7+ Kf8 36. Rh7 Re8 37. Ra7 Re6 38. b4 Rc6 39. Rc7 Rxc7 40. Bxc7 Ke8 41. Kf2 Kd7 42. Bf4 Kc6 43. a4 Bc2 44. a5 Kb5 45. Bd6 Be4 46. Be7 Kc4 47. Ke2 Kb5 48. Kf2 Bd3 49. Kf3 Be4+ 50. Kf4 Bf5 51. Ke5 Be4 52. Ke6 Bf3 53. Kd7 Be4 54. Kc7 Bf5 55. Kb7 Be4 56. Bg5 Bf5 1/2-1/2

[Event "Queenstown op"]
[Site "Queenstown"]
[Date "2009.01.15"]
[Round "1"]
[White "Lauterbach, Ingrid"]
[Black "Mitchell, Robert"]
[Result "1-0"]
[WhiteElo "2154"]
[BlackElo "1719"]
[PlyCount "97"]
[EventDate "2009.01.15"]
[EventType "swiss"]
[EventRounds "10"]
[EventCountry "NZL"]
[SourceTitle "CBM 128 Extra"]
[Source "ChessBase"]
[SourceDate "2009.03.05"]
[SourceVersion "2"]
[SourceVersionDate "2009.03.25"]
[SourceQuality "1"]

1. e4 d6 2. d4 Nf6 3. Nc3 g6 4. Be3 c6 5. f3 Nbd7 6. h4 h5 7. Qd2 Qc7 8. Nh3 Nb6 9. a4 Bxh3 10. Rxh3 Bg7 11. Be2 0-0-0 12. a5 Nbd7 13. Kf2 e5 14. d5 c5 15. Nb5 Qb8 16. Rhh1 Ng8 17. b4 Bh6 18. Bxh6 Nxh6 19. c3 f5 20. a6 b6 21. Qg5 Nf8 22. bxc5 dxc5 23. Qf6 Rh7 24. Qc6+ Rc7 25. Nd6+ Rxd6 26. Qxd6 Rf7 27. Qc6+ Qc7 28. Qa8+ Qb8 29. Qxb8+ Kxb8 30. Ke3 f4+ 31. Kf2 Rf6 32. Rad1 Nf7 33. Bb5 Nd6 34. Bc6 Kc7 35. Rhg1 Kd8 36. Ke2 Ke7 37. Rb1 Nc4 38. Kd3 Na5 39. Bb5 Kd6 40. Rb2 Rf7 41. Ra1 Nd7 42. Rxa5 bxa5 43. Bxd7 Rxd7 44. Kc4 a4 45. Rb5 a3 46. Kb3 c4+ 47. Kxa3 Rc7 48. Kb4 Rc8 49. Rb7 1-0

[Event "North Island-ch"]
[Site "Tauranga"]
[Date "2008.07.16"]
[Round "2"]
[White "Dolejs, Dan E"]
[Black "Mitchell, Robert"]
[Result "1/2-1/2"]
[WhiteElo "1953"]
[BlackElo "1719"]
[PlyCount "130"]
[EventDate "2008.07.15"]
[EventType "swiss"]
[EventRounds "8"]
[EventCountry "NZL"]
[SourceTitle "EXT 2018"]
[Source "ChessBase"]
[SourceDate "2017.10.13"]
[SourceVersion "1"]
[SourceVersionDate "2017.10.13"]
[SourceQuality "1"]

1. e4 d6 2. Nf3 Nf6 3. Nc3 g6 4. Bc4 Bg7 5. d4 0-0 6. Bg5 Nxe4 7. Bxf7+ Rxf7 8. Nxe4 Bg4 9. Qd3 Bf5 10. Qe3 d5 11. Nc5 Qd6 12. c3 Nd7 13. Bf4 e5 14. Nxe5 Nxe5 15. dxe5 Qc6 16. 0-0 b6 17. Nb3 Re8 18. Nd4 Qb7 19. Bg3 Bc8 20. Rad1 c5 21. Nb5 Bf8 22. Qd2 Bg4 23. f3 Be6 24. Rfe1 d4 25. cxd4 Bd5 26. Nd6 Bxd6 27. exd6 Rxe1+ 28. Rxe1 cxd4 29. Qxd4 Bc6 30. Bh4 h6 31. Re7 Rxe7 32. dxe7 Qd7 33. Qxd7 Bxd7 34. f4 Kf7 35. a3 Ke6 36. Kf2 Kf5 37. Ke3 g5 38. fxg5 hxg5 39. Bg3 Ke6 40. Bb8 Kxe7 41. Bxa7 b5 42. Kf3 Kf6 43. Bf2 g4+ 44. Kg3 Kg5 45. h3 gxh3 46. gxh3 Be8 47. Kf3 Kf5 48. Ke3 Ke5 49. Bg3+ Kf5 50. Kd4 Bd7 51. Kc5 Ke4 52. h4 Kf3 53. Be5 Kg4 54. Bf6 Be8 55. Kb4 Kh5 56. b3 Kg6 57. Bd8 Kf5 58. a4 bxa4 59. bxa4 Bc6 60. a5 Ke6 61. Kc5 Kd7 62. h5 Bf3 63. h6 Be4 64. a6 Kc8 65. Kb6 Kb8 1/2-1/2